Piet mondrian (Record no. 352604)

000 -LEADER
fixed length control field 01018 a2200277 4500
003 - CONTROL NUMBER IDENTIFIER
control field OSt
005 - DATE AND TIME OF LATEST TRANSACTION
control field 20180116192339.0
008 - FIXED-LENGTH DATA ELEMENTS--GENERAL INFORMATION
fixed length control field 120524t xxu||||| |||| 00| 0 eng d
020 ## - INTERNATIONAL STANDARD BOOK NUMBER
International Standard Book Number 076972664X (dvd)
024 1# - OTHER STANDARD IDENTIFIER
Standard number or code 032031266490
028 42 - PUBLISHER NUMBER
Publisher number 032031266490
Source Kultur Video
040 ## - CATALOGING SOURCE
Transcribing agency 0
082 ## - DEWEY DECIMAL CLASSIFICATION NUMBER
Classification number 759.9492
245 00 - TITLE STATEMENT
Title Piet mondrian
Medium [videorecording]
260 ## - PUBLICATION, DISTRIBUTION, ETC.
Place of publication, distribution, etc. USA :
Name of publisher, distributor, etc. Kultur Video,
Date of publication, distribution, etc. 2004.
300 ## - PHYSICAL DESCRIPTION
Extent 1 videodisc (50 min.) :
Other physical details sd., col ;
Dimensions 4 3/4 in.
490 1# - SERIES STATEMENT
Series statement Artists of the 20th century.
520 ## - SUMMARY, ETC.
Summary, etc. The definitive biography of artist Piet Mondrian accompanied by spectacular images of his greatest work.
538 ## - SYSTEM DETAILS NOTE
System details note Color, DVD, NTSC.
600 ## - SUBJECT ADDED ENTRY--PERSONAL NAME
Personal name Mondrian, Piet
Dates associated with a name 1872-1944
9 (RLIN) 1882
650 0# - SUBJECT ADDED ENTRY--TOPICAL TERM
Topical term or geographic name entry element Painters
Geographic subdivision Netherlands
9 (RLIN) 1883
830 #0 - SERIES ADDED ENTRY--UNIFORM TITLE
Uniform title Artists of the 20th century.
9 (RLIN) 1884
856 40 - ELECTRONIC LOCATION AND ACCESS
Materials specified Amazon.com
Uniform Resource Identifier <a href="http://www.amazon.com/exec/obidos/ASIN/B00019G8CO/chopaconline-20">http://www.amazon.com/exec/obidos/ASIN/B00019G8CO/chopaconline-20</a>
942 ## - ADDED ENTRY ELEMENTS (KOHA)
Institution code [OBSOLETE] SADA
Koha item type
Call number prefix CD 759.9492 PIE 2004
Source of classification or shelving scheme
Holdings
Withdrawn status Lost status Source of classification or shelving scheme Damaged status Not for loan Permanent Location Current Location Date acquired Total Checkouts Full call number Barcode Date last seen Date last checked out Cost, replacement price Price effective from Koha item type
          School of Art Design and Architecture (SADA) School of Art Design and Architecture (SADA) 02/03/2011 3 CD 759.9492 PIE 2004 SADA0000577 12/10/2012 11/16/2012 1948.00 08/05/2011  
© 2023 Central Library, National University of Sciences and Technology. All Rights Reserved.